[Event "TUR Cup"]
[Site "Denizli"]
[Date "2023.07.21"]
[Round "8"]
[White "Sahbaz, Bartu"]
[Black "Celik, Ege Yigit"]
[Result "0-1"]
[WhiteElo "1398"]
[BlackElo "1857"]
[PlyCount "62"]
[EventDate "2023.07.16"]
[EventType "team-tourn"]
[EventRounds "9"]
[EventCountry "TUR"]
[SourceTitle "CBM 215 Extra"]
[Source "ChessBase"]
[SourceDate "2023.09.30"]
[SourceVersion "1"]
[SourceVersionDate "2023.09.30"]
[SourceQuality "1"]

1. d4 Nf6 2. Nc3 d5 3. Bg5 e6 4. Nf3 Bd6 5. e4 dxe4 6. Nxe4 Be7 7. Bxf6 Bxf6 8. Qd2 Nd7 9. Bc4 0-0 10. 0-0-0 a6 11. g4 b5 12. Bd3 Bb7 13. g5 Be7 14. Qe3 c5 15. dxc5 Qc7 16. b4 a5 17. a3 axb4 18. axb4 Ne5 19. Kb2 Nxf3 20. Qxf3 Qe5+ 21. c3 Ra4 22. Rhe1 Rfa8 23. Ra1 Rxb4+ 24. Kc2 Rxa1 25. Nf6+ Bxf6 26. Bxh7+ Kh8 27. Rxe5 Bxf3 28. gxf6 gxf6 29. Re3 Rf4 30. Bd3 Bc6 31. Rh3+ Kg8 0-1

[Event "TUR Cup"]
[Site "Denizli"]
[Date "2023.07.19"]
[Round "5"]
[White "Tuna, Kaan Arda"]
[Black "Sahbaz, Bartu"]
[Result "0-1"]
[WhiteElo "1325"]
[BlackElo "1398"]
[PlyCount "88"]
[EventDate "2023.07.16"]
[EventType "team-tourn"]
[EventRounds "9"]
[EventCountry "TUR"]
[SourceTitle "CBM 215 Extra"]
[Source "ChessBase"]
[SourceDate "2023.09.30"]
[SourceVersion "1"]
[SourceVersionDate "2023.09.30"]
[SourceQuality "1"]

1. Nc3 d5 2. e4 dxe4 3. Nxe4 Bf5 4. Ng3 Bg6 5. h4 h6 6. Nf3 e6 7. d4 Bd6 8. Ne2 Qf6 9. Nc3 c6 10. Bd3 Bc7 11. Be3 Nd7 12. h5 Bf5 13. Bxf5 Qxf5 14. Qe2 Ngf6 15. 0-0-0 0-0-0 16. d5 Nxd5 17. Nxd5 exd5 18. Nd4 Qf6 19. Rd3 Bb6 20. Rhd1 c5 21. Nf3 d4 22. Bd2 Rhe8 23. Qf1 Qf5 24. Ra3 a6 25. Ba5 Re6 26. Re1 Rde8 27. Rxe6 Rxe6 28. Bxb6 Nxb6 29. Rb3 Qxh5 30. a3 c4 31. Rxb6 Rxb6 32. Qxc4+ Rc6 33. Qxd4 Qh1+ 34. Kd2 Qxg2 35. Qe3 Rd6+ 36. Kc3 Qg6 37. Qe8+ Rd8 38. Qe5 Qc6+ 39. Kb3 Qd5+ 40. Qxd5 Rxd5 41. Kc4 Rf5 42. Nd4 Rxf2 43. b4 Rf4 44. Kd5 Rxd4+ 0-1

[Event "TUR Cup"]
[Site "Denizli"]
[Date "2023.07.17"]
[Round "3"]
[White "Cirkin, Osman Turan"]
[Black "Sahbaz, Bartu"]
[Result "0-1"]
[WhiteElo "1208"]
[BlackElo "1398"]
[PlyCount "138"]
[EventDate "2023.07.16"]
[EventType "team-tourn"]
[EventRounds "9"]
[EventCountry "TUR"]
[SourceTitle "CBM 215 Extra"]
[Source "ChessBase"]
[SourceDate "2023.09.30"]
[SourceVersion "1"]
[SourceVersionDate "2023.09.30"]
[SourceQuality "1"]

1. d4 Nf6 2. Nf3 d5 3. Bf4 Bf5 4. e3 e6 5. Bd3 Bg6 6. Ne5 Bd6 7. Bg3 Bxe5 8. Bxe5 Nbd7 9. Bg3 c5 10. c3 c4 11. Bxg6 hxg6 12. Nd2 Nh5 13. Qf3 Nxg3 14. Qxg3 Nf6 15. f3 b5 16. a3 a5 17. e4 Nh5 18. Qg4 g5 19. 0-0 Nf4 20. Rfe1 Nd3 21. Re2 Rh4 22. Qg3 Kf8 23. Nf1 f5 24. exf5 exf5 25. f4 Nxf4 26. Re5 Qf6 27. Qf3 g6 28. g3 Rh3 29. Rae1 Qf7 30. Re7 Qxe7 31. Rxe7 Kxe7 32. Qe3+ Ne6 33. Qe5 f4 34. Qxd5 Rah8 35. Qb7+ Kf8 36. Qc8+ Ke7 37. Qb7+ Kf8 38. d5 Nd8 39. Qc7 Nf7 40. d6 fxg3 41. hxg3 Kg7 42. Qxa5 Nxd6 43. Qb6 Nf5 44. Qxb5 Rf8 45. Kg2 g4 46. Qe5+ Kh7 47. Qe4 Rf7 48. Qxg4 Rxg3+ 49. Qxg3 Nxg3 50. Nxg3 Rb7 51. Kf3 Rxb2 52. Ne4 Ra2 53. Ke3 Rxa3 54. Kd4 Ra4 55. Nc5 Ra8 56. Kxc4 g5 57. Ne4 Kg6 58. Kd5 Kf5 59. c4 Rd8+ 60. Nd6+ Kf4 61. c5 g4 62. c6 g3 63. c7 Ra8 64. Nb5 g2 65. Nd4 Ke3 66. Nf5+ Kf2 67. Ne7 g1Q 68. c8Q Rxc8 69. Nxc8 Qg8+ 0-1

[Event "TUR-ch Youth"]
[Site "Denizli"]
[Date "2022.05.25"]
[Round "3"]
[White "Saricam, Ege"]
[Black "Sahbaz, Bartu"]
[Result "1/2-1/2"]
[WhiteElo "1531"]
[BlackElo "1178"]
[PlyCount "141"]
[EventDate "2022.05.24"]
[EventType "swiss"]
[EventRounds "9"]
[EventCountry "TUR"]
[SourceTitle "EXT 2023"]
[Source "ChessBase"]
[SourceDate "2022.10.05"]
[SourceVersion "1"]
[SourceVersionDate "2022.10.05"]
[SourceQuality "1"]

1. e4 e6 2. d4 d5 3. Nd2 dxe4 4. Nxe4 Be7 5. Nf3 Nf6 6. Bd3 b6 7. 0-0 Bb7 8. Nxf6+ Bxf6 9. c3 0-0 10. Bf4 Nd7 11. Qe2 c5 12. Rfd1 cxd4 13. cxd4 Re8 14. Rac1 Rc8 15. Rxc8 Qxc8 16. Rc1 Qa8 17. Bb5 Qd8 18. Rc7 Bc8 19. Rxa7 e5 20. dxe5 g5 21. Bxd7 Bxd7 22. Qd2 Bc6 23. exf6 gxf4 24. Qxd8 Rxd8 25. h4 Bxf3 26. gxf3 h5 27. Ra4 Rd2 28. Rb4 Rd6 29. Rxf4 Kh7 30. a4 Kg6 31. b4 Rd1+ 32. Kg2 Ra1 33. b5 Rd1 34. Rc4 Rd8 35. Rc6 Rb8 36. f4 Kf5 37. Kf3 Rb7 38. Rd6 Rb8 39. Rd5+ Kg6 40. Rg5+ Kh6 41. Ke4 Ra8 42. Kd5 Rxa4 43. Kc6 Rxf4 44. Kxb6 Rxf6+ 45. Ka7 Rxf2 46. b6 Ra2+ 47. Kb8 Ra4 48. b7 Rxh4 49. Rb5 Rg4 50. Kc7 Rg8 51. b8Q Rxb8 52. Rxb8 Kg5 53. Kd6 Kf4 54. Rf8 f5 55. Ke6 h4 56. Rxf5+ Kg3 57. Rg5+ Kf4 58. Rh5 Kg4 59. Rh8 h3 60. Ke5 Kg3 61. Ke4 h2 62. Ke3 Kg2 63. Rg8+ Kf1 64. Rh8 Kg2 65. Rg8+ Kf1 66. Rf8+ Kg2 67. Rg8+ Kf1 68. Rh8 Kg2 69. Rg8+ Kf1 70. Rf8+ Kg2 71. Ke2 1/2-1/2